NBA Top 50 All-Time Scorers: European Edition! - Statistics

General Stats
  • This quiz has been taken 450 times
    57 since last reset
  • The average score is 25 of 50
Answer Stats
# Player Points Country % Correct
1 Dirk Nowitzki 31,560 Germany
100%
2 Giannis Antetokounmpo 21,355 Greece
100%
16 Marc Gasol 12,514 Spain
98%
3 Pau Gasol 20,894 Spain
98%
9 Luka Dončić 14,048 Slovenia
96%
4 Tony Parker 19,473 France
96%
6 Nikola Jokić 17,158 Serbia
94%
17 Dennis Schröder 12,177 Germany
82%
26 Domantas Sabonis 10,617 Lithuania
78%
5 Nikola Vučević 17,443 Montenegro
76%
41 Bogdan Bogdanović 7,926 Serbia
73%
20 Bojan Bogdanović 11,184 Croatia
73%
28 Lauri Markkanen 10,044 Finland
73%
27 Kristaps Porziņģis 10,130 Latvia
69%
50 Franz Wagner 6,129 Germany
67%
14 Goran Dragić 12,568 Slovenia
59%
25 Rudy Gobert 10,929 France
59%
15 Jonas Valančiūnas 12,559 Lithuania
57%
11 Vlade Divac 13,398 Serbia
57%
37 Jusuf Nurkić 8,290 Bosnia and Herzegovina
53%
8 Detlef Schrempf 15,761 Germany
51%
29 Toni Kukoč 9,810 Croatia
51%
31 Andrei Kirilenko 9,431 Russia
49%
38 Clint Capela 8,214 Switzerland
49%
19 Nicolas Batum 11,458 France
49%
10 Peja Stojaković 13,647 Serbia
49%
18 Danilo Gallinari 11,607 Italy
47%
12 Luol Deng 13,361 United Kingdom
45%
44 Ricky Rubio 7,570 Spain
45%
23 Hedo Türkoğlu 11,022 Turkey
41%
49 Ivica Zubac 6,499 Croatia
39%
42 José Calderón 7,921 Spain
39%
43 Andrea Bargnani 7,873 Italy
37%
40 Marcin Gortat 7,951 Poland
37%
13 Rik Smits 12,871 Netherlands
35%
30 Evan Fournier 9,607 France
33%
34 Marco Belinelli 8,370 Italy
31%
47 OG Anunoby 6,860 United Kingdom
29%
32 Boris Diaw 9,139 France
27%
45 Zaza Pachulia 7,414 Georgia
27%
33 Mehmet Okur 8,561 Turkey
24%
22 Serge Ibaka 11,024 Spain
24%
24 Žydrūnas Ilgauskas 10,976 Lithuania
22%
39 Chris Kaman 8,208 Germany
18%
36 Enes Freedom 8,349 Turkey
18%
21 Ben Gordon 11,084 United Kingdom
14%
7 Kiki VanDeWeghe 15,980 Germany
14%
35 Ersan Ìlyasova 8,364 Turkey
12%
48 Shawn Bradley 6,752 Germany
6%
46 Beno Udrih 6,952 Slovenia
4%
No matching quizzes found
Score Distribution
Percent of People with Each Score
Percentile by Number Answered
Your Score History
You have not taken this quiz since the last reset